Online
Catalog

Los miserables / (Record no. 4549)

MARC details
000 -CABECERA
campo de control de longitud fija 00735cam a2200205 a 4500
001 - NÚMERO DE CONTROL
campo de control 000004743
005 - FECHA Y HORA DE LA ÚLTIMA TRANSACCIÓN
campo de control 20200929151508.0
008 - DATOS DE LONGITUD FIJA--INFORMACIÓN GENERAL
campo de control de longitud fija 780607s1985 cl 000 f spa
040 ## - FUENTE DE LA CATALOGACIÓN
Centro catalogador/agencia de origen DO-SdBNP
Lengua de catalogación spa
Centro/agencia transcriptor BNPHU
041 17 - CÓDIGO DE LENGUA
Código de lengua del texto/banda sonora o título independiente spa
Código de lengua original fre
100 1# - ENTRADA PRINCIPAL--NOMBRE DE PERSONA
Nombre de persona Hugo, Victor,
Fechas asociadas al nombre 1802-1885.
9 (RLIN) 13790
245 14 - MENCIÓN DE TÍTULO
Título Los miserables /
Mención de responsabilidad, etc. Victor Hugo, traducción, Aurora Alemany.
260 ## - PUBLICACIÓN, DISTRIBUCIÓN, ETC.
Lugar de publicación, distribución, etc. Santiago, Chile :
Nombre del editor, distribuidor, etc. Ercilia,
Fecha de publicación, distribución, etc. 1985.
300 ## - DESCRIPCIÓN FÍSICA
Extensión 2 t. p. ;
Dimensiones 19 cm.
440 #0 - MENCIÓN DE SERIE/PUNTO DE ACCESO ADICIONAL--TÍTULO
Título t. 1. Los Mejores Libros de la Literatura Universal ;
Designación de volumen o secuencia no. 31
9 (RLIN) 13791
440 #0 - MENCIÓN DE SERIE/PUNTO DE ACCESO ADICIONAL--TÍTULO
Título t. 2. Los Mejores Libros de la Literatura Universal ;
Designación de volumen o secuencia no. 32
9 (RLIN) 13792
534 ## - NOTA SOBRE LA VERSIÓN ORIGINAL
Encabezamiento principal del original Título orignal: Les Misérables.
600 10 - PUNTO DE ACCESO ADICIONAL DE MATERIA--NOMBRE DE PERSONA
Nombre de persona Penalosa, Javier.
9 (RLIN) 13793
700 1# - PUNTO DE ACCESO ADICIONAL--NOMBRE DE PERSONA
Nombre de persona Alemany, Aurora,
Término indicativo de función/relación tr.
9 (RLIN) 13794
Holdings
Estado de retiro Estado de pérdida Restricciones de uso No para préstamo Código de colección Localización permanente Ubicación/localización actual Ubicación en estantería Fecha de adquisición Número de inventario Total de préstamos Signatura topográfica completa Código de barras Fecha visto por última vez Precio válido a partir de Tipo de ítem Koha
    Préstamo interno   Monografías: Libros y Folletos General General En catalogación 25.07.2009 LF1   t.1 4743-10 25.06.2020 25.06.2020 Préstamo interno
    Préstamo interno   Monografías: Libros y Folletos General General En catalogación 25.07.2009 LF1   t.2 4743-20 25.06.2020 25.06.2020 Préstamo interno

Powered by Koha